Summer Is Everywhere Quiz Stats

Quiz Updated Oct 5, 2016

Also try: Summer Grab Bag
Challenge
Share
Tweet
Embed
Score 0/20 Timer 05:00
7 Plays Today
% Correct
Fourth of July
95.3%
Juneau
92.1%
Augustus Gloop
88.4%
June Carter
88.3%
Augusta National Golf Club
88%
June Cleaver
87%
Auguste Rodin
85.7%
June Gloom
80.2%
July Monarchy
78.8%
Born on the Fourth of July
78.5%
% Correct
St. Augustine
77%
June Foray
76.1%
20 July Plot
75%
July War
72.8%
Henry & June
62.1%
August and Everything After
57.3%
August: Osage County
56.4%
26th of July Movement
54.8%
Juneteenth
51%
The Guns of August
47.3%

You're not logged in!

Compare scores with friends on all Sporcle quizzes.
Join for Free
OR
Log In

You Might Also Like...

Show Comments

Extras

Top Quizzes Today


Score Distribution

Your Account Isn't Verified!

In order to create a playlist on Sporcle, you need to verify the email address you used during registration. Go to your Sporcle Settings to finish the process.

Report this User

Report this user for behavior that violates our Community Guidelines.

Details: